| 000 | 01128nam0a22002771 4500 | ||
|---|---|---|---|
| 001 | rc\1132449 | ||
| 005 | 20041126174642.4 | ||
| 035 | _a(NLR Aleph) 006373786 | ||
| 090 |
_a5021663 _c5021663 |
||
| 100 | _a20041126d1980 u |0rusy50 ca | ||
| 101 | 0 | _arus | |
| 102 | _aRU | ||
| 105 | _ay ||||||||| | ||
| 200 | 1 |
_aОпыт организации технической эксплуатации и повышения надежности работы речных судов _fС.А. Белянин, А.Р. Громов, А.Я. Петрянин |
|
| 210 |
_aМ. _cЦБНТИ Минречфлота _d1980 |
||
| 215 |
_a31 с. _d20 |
||
| 225 | 1 |
_aРечной транспорт _eОбзор. информ. _fМ-во реч. флота РСФСР. ЦБНТИ и пропаганды _vВып. 11 |
|
| 300 | _aНа обл. авт. не указаны | ||
| 700 | 1 |
_aБелянин _bС. А. _gСвятослав Александрович |
|
| 701 | 1 |
_aГромов _bА. Р. |
|
| 701 | 1 |
_aПетрянин _bА. Я. |
|
| 801 | 0 |
_aRU _bNLR _gpsbo |
|
| 801 | 1 |
_aRU _bELAR _2rusmarc |
|
| 852 |
_aNLR _jП22/4883 |
||
| 942 | _cBOOK | ||
| 980 | _aNB | ||